|
|
|
|
| LEADER |
00000cam a22000004a 4500 |
| 001 |
musev2_935 |
| 003 |
MdBmJHUP |
| 005 |
20230905040140.0 |
| 006 |
m o d |
| 007 |
cr||||||||nn|n |
| 008 |
100215s2010 pau o 00 0 eng d |
| 010 |
|
|
|z 2010004927
|
| 020 |
|
|
|a 9780812200034
|
| 020 |
|
|
|z 9780812222289
|
| 035 |
|
|
|a (OCoLC)794925531
|
| 040 |
|
|
|a MdBmJHUP
|c MdBmJHUP
|
| 043 |
|
|
|a nwcu---
|a n-us-hi
|a n-us---
|
| 050 |
0 |
4 |
|a G155.C9
|b S56 2010
|
| 082 |
0 |
|
|a 306.20973
|2 22
|
| 100 |
1 |
|
|a Skwiot, Christine.
|
| 245 |
1 |
4 |
|a The Purposes of Paradise :
|b U.S. Tourism and Empire in Cuba and Hawai'i /
|c Christine Skwiot.
|
| 264 |
|
1 |
|a Philadelphia :
|b University of Pennsylvania Press,
|c 2010.
|
| 264 |
|
3 |
|a Baltimore, Md. :
|b Project MUSE,
|c 2012
|
| 264 |
|
4 |
|c ©2010.
|
| 300 |
|
|
|a 1 online resource (296 pages):
|b ill. ;
|
| 336 |
|
|
|a text
|b txt
|2 rdacontent
|
| 337 |
|
|
|a computer
|b c
|2 rdamedia
|
| 338 |
|
|
|a online resource
|b cr
|2 rdacarrier
|
| 504 |
|
|
|a Includes bibliographical references and index.
|
| 588 |
|
|
|a Description based on print version record.
|
| 650 |
|
0 |
|a Imperialism
|x History.
|
| 650 |
|
0 |
|a Tourism
|x Political aspects
|z Hawaii
|x History
|y 20th century.
|
| 650 |
|
0 |
|a Tourism
|x Political aspects
|z Hawaii
|x History
|y 19th century.
|
| 650 |
|
0 |
|a Tourism
|x Political aspects
|z Cuba
|x History
|y 20th century.
|
| 650 |
|
0 |
|a Tourism
|x Political aspects
|z Cuba
|x History
|y 19th century.
|
| 651 |
|
0 |
|a United States
|x Foreign relations
|y 20th century.
|
| 651 |
|
0 |
|a United States
|x Foreign relations
|y 19th century.
|
| 651 |
|
0 |
|a United States
|x Territorial expansion.
|
| 651 |
|
0 |
|a Hawaii
|x Colonization.
|
| 651 |
|
0 |
|a Cuba
|x Colonization.
|
| 655 |
|
7 |
|a Electronic books.
|2 local
|
| 710 |
2 |
|
|a Project Muse.
|e distributor
|
| 830 |
|
0 |
|a Book collections on Project MUSE.
|
| 856 |
4 |
0 |
|z Texto completo
|u https://projectmuse.uam.elogim.com/book/935/
|
| 945 |
|
|
|a Project MUSE - Custom Collection
|
| 945 |
|
|
|a Project MUSE - 2010 History
|
| 945 |
|
|
|a Project MUSE - 2010 Complete
|